00595nam a2200169Ia 4500008004100000100001600041245012300057245001600180260005900196260000900255300001000264650001800274650001500292856002600307999001900333952007300352170221s9999 xx 000 0 und d aVincent Cho 4aThe Impacts of Participating Social Networking Sites: A Study of University Students in Hong Kong and Wuhan in China  cVincent Cho bOnline Journal of Communication and Media Technologies c2012 aX : 1 xCommunication xMedia Arts uhttp://www.ojcmt.net/ c309027d309027 001040aCLbCLd2017-02-21l0r2017-02-21 00:00:00w2017-02-21yFOJ